| 000 | 01322nam a22002777a 4500 | ||
|---|---|---|---|
| 005 | 20170124102933.0 | ||
| 010 | _aA-834454 | ||
| 020 | _c150.00 | ||
| 035 | _aA-834454 | ||
| 037 | _bCen Lib/Ret | ||
| 040 |
_aDPL _bHN |
||
| 082 |
_a133.323 _bद्धिवेदी |
||
| 100 |
_aद्धिवेदी , भोजराज _945858 |
||
| 245 |
_aकमर्शियल वास्तु / _cभोजराज द्धिवेदी ; संपादक रमेश द्धिवेदी |
||
| 246 |
_aCommercial vaastu / _bby Bhojraj Dwivedi ; edited by Ramesh Dwivedi |
||
| 260 |
_bडायमंड पॉकेट बुक्स _aनई दिल्ली _c1996 |
||
| 270 |
_aएक्स-30, ओखला इंडस्ट्रियल एरिया , फेज - II _bनई दिल्ली _e110020 |
||
| 300 |
_a196पृ. : _c21सेमी (सजिल्द) _bसचित्र |
||
| 500 | _aअनुक्रमाणिका शामिल | ||
| 650 |
_aवास्तु _945859 |
||
| 650 |
_aहिन्दी -- साहित्य _945860 |
||
| 650 |
_aArchitecture _925172 |
||
| 650 |
_aHindi literature _945861 |
||
| 700 |
_aद्धिवेदी, रमेश _97808 |
||
| 942 |
_2ddc _cHN _h133.323 _mद्धिवेदी |
||
| 999 |
_c112067 _d112067 |
||